000 00991cam a22002893a 4500
001 584
003 PGUSA
005 20140828082950.0
008 960701s1996||||xxu|||||s|||||000 1 eng d
040 _aPGUSA
_beng
042 _adc
050 4 _aPS
100 1 _aWilson, Harriet E.,
_d1825-1900
245 1 0 _aOur Nig; Or, Sketches from the Life of a Free Black, in a Two-story White House, North :
_bShowing That Slavery's Shadows Fall Even There
_h[electronic resource] /
_cHarriet E. Wilson
260 _bProject Gutenberg,
_c1996
506 _aPublic domain in the USA.
516 _aElectronic text
653 _aAfrican American women household employees -- Fiction
653 _aAutobiographical fiction
653 _aNew England -- Fiction
653 _aRacism -- Fiction
653 _aAfrican American women -- Fiction
653 _aFree African Americans -- Fiction
830 0 _aProject Gutenberg
_v584
856 4 0 _uhttp://www.gutenberg.org/ebooks/584
942 _cEB
999 _c229935
_d229935